Stolice Afryki - Statystyki

Ogólne statystyki
  • Ten quiz został rozwiązany 310 razy
    303 od ostatniego zresetowania
  • Średni wynik to 35 z 56
Odpowiedzi na mapie
Odpowiedzi zakodowano w zielono-czerwonej skali na mapie do tego quizu, zgodnie z poniższymi procentami.
 
Statystyki odpowiedzi
Państwa Stolice % Poprawnych
Algieria Algier
94%
Egipt Kair
91%
Maroko Rabat
91%
Tunezja Tunis
89%
Kenia Nairobi
83%
Etiopia Addis Abeba
82%
Libia Trypolis
82%
Madagaskar Antananarywa
80%
Republika Południowej Afryki Pretoria
80%
Gwinea Bissau Bissau
79%
Dżibuti Dżibuti
79%
Senegal Dakar
76%
Republika Południowej Afryki Kapsztad
73%
Demokratyczna Republika Konga Kinszasa
73%
Nigeria Abudża
71%
Sudan Chartum
71%
Ghana Akra
70%
Kongo Brazzaville
70%
Sierra Leone Freetown
67%
Wyspy Świętego Tomasza i Książęca São Tomé
67%
Uganda Kampala
65%
Angola Luanda
65%
Somalia Mogadiszu
65%
Tanzania Dodoma
64%
Gabon Libreville
64%
Zambia Lusaka
62%
Seszele Victoria
62%
Burkina Faso Wagadugu
61%
Togo Lomé
59%
Mozambik Maputo
59%
Benin Porto-Novo
59%
Wyspy Zielonego Przylądka Praia
59%
Erytrea Asmara
58%
Zimbabwe Harare
58%
Namibia Windhuk
58%
Mali Bamako
56%
Botswana Gaborone
56%
Gwinea Konakry
56%
Eswatini Mbabane
56%
Niger Niamey
56%
Mauritius Port Louis
56%
Gambia Bandżul
55%
Sudan Południowy Dżuba
55%
Rwanda Kigali
53%
Czad Ndżamena
53%
Republika Środkowoafrykańska Bangi
52%
Burundi Gitega
52%
Kamerun Jaunde
52%
Wybrzeże Kości Słoniowej Jamusukro
50%
Komory Moroni
48%
Mauretania Nawakszut
48%
Liberia Monrovia
45%
Gwinea Równikowa Malabo
44%
Malawi Lilongwe
41%
Lesotho Maseru
41%
Republika Południowej Afryki Bloemfontein
35%
Nie znaleziono quizów pasujących do podanych kryteriów
Rozkład punktacji
Procent ludzi z każdym wynikiem
Percentyl według liczby udzielonych odpowiedzi
Twoja historia wyników
Nie rozwiązałeś tego quizu od ostatniego zresetowania